00331nam a2200109 4500008001000000082001500010100001900025245002500044260004700069300003400116650007100150708 C238c a708bC238c aTiscornia, Ana aCitas y abreviaturas aSan José, Costa RicabTEOR/éTicac2000 a8 p.bill (col)c20 x 21,5 cm xarte contemporáneoxarte - exhibicionesxUruguayxTiscornia, Ana